| 000 | 03267cam a22003498i 4500 | ||
|---|---|---|---|
| 001 | 23766582 | ||
| 003 | EG-ScBUE | ||
| 005 | 20250216093942.0 | ||
| 008 | 240708s2025 enk b 001 0 eng | ||
| 020 | _a9781032510828 | ||
| 040 |
_aDLC _beng _erda _cDLC _dEG-ScBUE |
||
| 082 | 0 | 4 |
_a720.47 _222 _bFLE |
| 100 | 1 |
_aFleming, Rob _q(Robert Michael), _eauthor. |
|
| 245 | 1 | 0 |
_aSustainable design for the built environment / _cRob Fleming, Saglinda H Roberts, and Chitsanzo Isaac. |
| 250 | _aSecond edition. | ||
| 264 | 1 |
_aAbingdon, Oxon : _bRoutledge, _c2025. |
|
| 300 |
_axiv, 300 pages : _bcolor illustrations ; _c24 cm |
||
| 336 |
_atext _btxt _2rdacontent |
||
| 337 |
_aunmediated _bn _2rdamedia |
||
| 338 |
_avolume _bnc _2rdacarrier |
||
| 504 | _aIncludes bibliographical references and index. | ||
| 520 |
_a"Sustainable Design for the Built Environment marks the transition of sustainable design from a specialty service to the mainstream approach for creating a healthy and resilient built environment. This groundbreaking and transformative textbook introduces sustainable design in a clear, concise, easy-to-read format. This new edition includes fully updated exercises and online resources, an increased focus on diversity, equity and inclusion in design, more international examples, perspectives and approaches, enhanced full colour visuals, and additional resources for further study. The book takes the reader deep into the foundations of sustainable design, and creates a holistic and integrative approach addressing the social, cultural, ecological, and aesthetic aspects in addition to the typical performance-driven goals. The first section of the book is thematically structured around the origins, principles, and frameworks of sustainable design, aimed at inspiring a deeper, broader, and more inclusive view of sustainability. The second section examines strategies such as biophilia and biomimicry, adaptation and resilience, health and well-being, including recent developments following the Covid-19 pandemic. The third section examines the application of sustainability principles from the global, urban, district and site, building, and human scale, illustrating how a systems thinking approach allows sustainable design to span varied contexts and multiple scales. This textbook is intended to inspire a new vision for the future that unites human activity with natural processes to form a regenerative, coevolutionary model for sustainable design. Supported by additional resources including additional reading for each chapter and classroom assignments, this book will be essential reading for students of sustainability and sustainable design"-- _cProvided by publisher. |
||
| 650 | 7 |
_aSustainable architecture. _2BUEsh |
|
| 655 | _vReading book | ||
| 700 | 1 |
_aRoberts, Saglinda, _eauthor. |
|
| 700 | 1 |
_aIsaac, Chitsanzo, _eauthor. |
|
| 776 | 0 | 8 |
_iOnline version: _aFleming, Rob (Robert Michael). _tSustainable design for the built environment. _bSecond edition _dAbingdon, Oxon : Routledge, 2025 _z9781003401025 _w(DLC) 2024027761 |
| 906 |
_a0 _bvip _corignew _d1 _eecip _f20 _gy-gencatlg |
||
| 942 |
_2ddc _cBB |
||
| 999 |
_c30884 _d30855 |
||